[Event "Mecklenburg VP LL2 West 1112"]
[Site "Mecklenburg VP"]
[Date "2012.04.15"]
[Round "9.2"]
[White "Dettmann, Gerd"]
[Black "Gottschalk, Maik"]
[Result "1-0"]
[WhiteElo "2051"]
[BlackElo "1619"]
[PlyCount "51"]
[EventDate "2011.10.02"]
[EventType "team-tourn"]
[EventRounds "9"]
[EventCountry "GER"]
[SourceTitle "EXT 2022"]
[Source "ChessBase"]
[SourceDate "2021.10.06"]
[SourceVersion "1"]
[SourceVersionDate "2021.10.06"]
[SourceQuality "1"]
[WhiteTeam "Guestrow/Teterow"]
[BlackTeam "Putlitzer SV 1921"]
[WhiteTeamCountry "GER"]
[BlackTeamCountry "GER"]

1. e4 d6 2. d4 g6 3. Nc3 Bg7 4. Nf3 Nf6 5. h3 c6 6. Bd3 0-0 7. 0-0 Nbd7 8. Re1 e5 9. Bg5 Re8 10. Qd2 Qb6 11. Na4 Qc7 12. c4 exd4 13. Nxd4 Ne5 14. Rad1 Bd7 15. Nc3 a6 16. Be2 c5 17. Nc2 Re6 18. f4 Nc6 19. e5 Ne8 20. Bg4 h6 21. Nd5 Qb8 22. Bxe6 Bxe6 23. Bf6 dxe5 24. fxe5 Bxf6 25. exf6 Qg3 26. Qxh6 1-0

[Event "Mecklenburg VP LL2 West 1112"]
[Site "Mecklenburg VP"]
[Date "2012.03.18"]
[Round "8.2"]
[White "Gottschalk, Maik"]
[Black "Schmidt, Joerg"]
[Result "1/2-1/2"]
[WhiteElo "1619"]
[BlackElo "1906"]
[PlyCount "82"]
[EventDate "2011.10.02"]
[EventType "team-tourn"]
[EventRounds "9"]
[EventCountry "GER"]
[SourceTitle "EXT 2022"]
[Source "ChessBase"]
[SourceDate "2021.10.06"]
[SourceVersion "1"]
[SourceVersionDate "2021.10.06"]
[SourceQuality "1"]
[WhiteTeam "Putlitzer SV 1921"]
[BlackTeam "Malchow Schachinsel"]
[WhiteTeamCountry "GER"]
[BlackTeamCountry "GER"]

1. c4 e6 2. Nc3 f5 3. Nf3 Nf6 4. g3 Be7 5. Bg2 0-0 6. 0-0 d5 7. cxd5 exd5 8. d3 c6 9. Bd2 Na6 10. a3 Nc7 11. Rc1 Kh8 12. Na4 Ne6 13. Ng5 Nxg5 14. Bxg5 Nd7 15. Bd2 Bf6 16. b4 a6 17. Nc5 Nxc5 18. Rxc5 Qe7 19. e3 Be5 20. d4 Bd6 21. Rc2 Bd7 22. Qb1 Rae8 23. Qb2 g5 24. Qc1 Qf7 25. f4 g4 26. Kf2 h5 27. Rh1 Kg7 28. h3 gxh3 29. Rxh3 Re6 30. Qh1 Rh6 31. Rc1 Rfh8 32. Rg1 Be7 33. Bf3 Be8 34. Ke2 Qe6 35. Rg2 Bf6 36. Kf2 Bg6 37. Rg1 R8h7 38. Rg2 Qg8 39. Rg1 Qh8 40. Ke2 Kf8 41. a4 Be8 1/2-1/2

[Event "Mecklenburg VP LL2 West 1112"]
[Site "Mecklenburg VP"]
[Date "2012.03.04"]
[Round "6.2"]
[White "Gottschalk, Maik"]
[Black "Tuchtenhagen, Harald"]
[Result "1/2-1/2"]
[WhiteElo "1619"]
[BlackElo "1889"]
[PlyCount "24"]
[EventDate "2011.10.02"]
[EventType "team-tourn"]
[EventRounds "9"]
[EventCountry "GER"]
[SourceTitle "EXT 2022"]
[Source "ChessBase"]
[SourceDate "2021.10.06"]
[SourceVersion "1"]
[SourceVersionDate "2021.10.06"]
[SourceQuality "1"]
[WhiteTeam "Putlitzer SV 1921"]
[BlackTeam "Ludwigslust Post SV"]
[WhiteTeamCountry "GER"]
[BlackTeamCountry "GER"]

1. c4 Nf6 2. Nc3 d5 3. d4 g6 4. e3 Bg7 5. Nf3 0-0 6. Be2 dxc4 7. Bxc4 c6 8. 0-0 Bg4 9. h3 Bxf3 10. Qxf3 Nbd7 11. Rd1 Nb6 12. Bb3 Qc7 1/2-1/2

[Event "Mecklenburg VP LL2 West 1112"]
[Site "Mecklenburg VP"]
[Date "2011.11.20"]
[Round "3.3"]
[White "Hess, Bernd"]
[Black "Gottschalk, Maik"]
[Result "1/2-1/2"]
[WhiteElo "1759"]
[BlackElo "1619"]
[PlyCount "40"]
[EventDate "2011.10.02"]
[EventType "team-tourn"]
[EventRounds "9"]
[EventCountry "GER"]
[SourceTitle "EXT 2022"]
[Source "ChessBase"]
[SourceDate "2021.10.06"]
[SourceVersion "1"]
[SourceVersionDate "2021.10.06"]
[SourceQuality "1"]
[WhiteTeam "Schwerin SV Einheit"]
[BlackTeam "Putlitzer SV 1921"]
[WhiteTeamCountry "GER"]
[BlackTeamCountry "GER"]

1. d4 d5 2. Nf3 c6 3. Bf4 Nf6 4. e3 Bf5 5. Bd3 Bxd3 6. cxd3 e6 7. 0-0 Be7 8. Nc3 0-0 9. Qb3 Qb6 10. Qc2 Nbd7 11. Ne5 Nxe5 12. Bxe5 Nd7 13. Bg3 Rac8 14. Na4 Qd8 15. Nc5 Nxc5 16. dxc5 Re8 17. d4 Bf6 18. f4 g6 19. Rab1 b5 20. b4 Ra8 1/2-1/2